000 00233nam a22000857a 4500
008 160926b xxu||||| |||| 00| 0 eng d
100 _9744
_aKumar.S.etal.
245 _aEnglish Communicative-4
260 _aNew Delhi
_bFrank Publications
_c2012
999 _c3401
_d3401